书目信息 |
| 题名: |
英语六级考试:阅读
|
|
| 作者: | 许明武 编 | |
| 分册: | ||
| 出版信息: | 武汉 华中理工大学出版社 1997.01 |
|
| 页数: | 300页 | |
| 开本: | 32开 | |
| 丛书名: | ||
| 单 册: | ||
| 中图分类: | H319.4 | |
| 科图分类: | ||
| 主题词: | 英语 | |
| 电子资源: | ||
| ISBN: | 7-5609-1425-X | |
| 000 | 00545nam0 2200193 45 | |
| 001 | 0009111045 | |
| 005 | 20000911103157.3 | |
| 010 | @a7-5609-1425-X@d9.50元 | |
| 100 | @a20000911d1997 km y0chiy0120 ea | |
| 101 | 0 | @achi |
| 105 | @a z 000yy | |
| 200 | 1 | @a英语六级考试:阅读@AYing Yu Liu Ji Kao Shi:Yue Du@f许明武编@FXu Ming Wu Bian |
| 210 | @a武汉@c华中理工大学出版社@d1997.01 | |
| 215 | @a300页@d32开 | |
| 606 | 0 | @a英语 |
| 690 | @aH319.4@v3 | |
| 701 | 0 | @a许明武@4编 |
| 801 | @aCN@bPftUser@c20000911 | |
| 905 | @b134820-824@dH319.4@eX866@f5 | |
| 英语六级考试:阅读/许明武编.-武汉:华中理工大学出版社,1997.01 |
| 300页;32开 |
| ISBN 7-5609-1425-X:9.50元 |
| ● |
| 相关链接 |
|
|
|
正题名:英语六级考试:阅读
索取号:H319.4/X866
 
预约/预借
| 序号 | 登录号 | 条形码 | 馆藏地/架位号 | 状态 | 备注 |
| 1 | 134820 | 201348201 | 语言库209/209语言库 50排2列2层/ [索取号:H319.4/X866] | 在馆 | |
| 2 | 134821 | 201348210 | 语言库209/ [索取号:H319.4/X866] | 在馆 | |
| 3 | 134822 | 201348229 | 语言库209/209语言库 50排2列2层/ [索取号:H319.4/X866] | 在馆 | |
| 4 | 134823 | 201348238 | 语言库209/209语言库 50排2列2层/ [索取号:H319.4/X866] | 在馆 | |
| 5 | 134824 | 201348247 | 语言库209/209语言库 50排2列2层/ [索取号:H319.4/X866] | 在馆 |